[Event "BL 9900 (Women)"]
[Site "Germany"]
[Date "1999.10.17"]
[Round "2.1"]
[White "Dworakowska, Joanna"]
[Black "Bielicki, Birke"]
[Result "1-0"]
[WhiteElo "2306"]
[BlackElo "2172"]
[PlyCount "41"]
[EventDate "1999.10.16"]
[EventType "team-tourn"]
[EventRounds "11"]
[EventCountry "GER"]
[SourceTitle "EXT 2000"]
[Source "ChessBase"]
[SourceDate "1999.11.16"]
[SourceVersion "1"]
[SourceVersionDate "1999.11.16"]
[SourceQuality "1"]
[WhiteTeam "Hamburger SK"]
[BlackTeam "Leipzig Gohlis"]
[WhiteTeamCountry "GER"]
[BlackTeamCountry "GER"]

1. e4 c5 2. Nf3 Nc6 3. d4 cxd4 4. Nxd4 Nf6 5. Nc3 e5 6. Ndb5 d6 7. Bg5 a6 8. Na3 b5 9. Bxf6 gxf6 10. Nd5 f5 11. c3 Bg7 12. exf5 Bxf5 13. Nc2 0-0 14. Nce3 Be6 15. Bd3 f5 16. Qh5 e4 17. Bc2 Ne7 18. Rd1 Ng6 19. g4 f4 20. Nf5 e3 21. Nfe7+ 1-0

[Event "BL 9900 (Women)"]
[Site "Germany"]
[Date "1999.10.16"]
[Round "1.1"]
[White "Bielicki, Birke"]
[Black "Mai, Iris"]
[Result "0-1"]
[WhiteElo "2172"]
[BlackElo "2154"]
[PlyCount "94"]
[EventDate "1999.10.16"]
[EventType "team-tourn"]
[EventRounds "11"]
[EventCountry "GER"]
[SourceTitle "EXT 2000"]
[Source "ChessBase"]
[SourceDate "1999.11.16"]
[SourceVersion "1"]
[SourceVersionDate "1999.11.16"]
[SourceQuality "1"]
[WhiteTeam "Leipzig Gohlis"]
[BlackTeam "Berlin Rotation"]
[WhiteTeamCountry "GER"]
[BlackTeamCountry "GER"]

1. d4 d5 2. Nf3 e6 3. c4 Nf6 4. Nc3 Nbd7 5. Bg5 c6 6. e3 Be7 7. Rc1 0-0 8. Qc2 Re8 9. a3 Nf8 10. Bd3 h6 11. Bh4 a6 12. 0-0 dxc4 13. Bxc4 b5 14. Bd3 Bb7 15. Rfd1 N6d7 16. Bg3 b4 17. axb4 Qb6 18. Na2 Bxb4 19. Bc7 Qxc7 20. Nxb4 Rec8 21. d5 c5 22. Nc6 Qd6 23. Be4 Nf6 24. Nfe5 Nxe4 25. Qxe4 Rc7 26. Nc4 exd5 27. Nxd6 dxe4 28. Na5 Bc8 29. Nxe4 Ne6 30. b4 Rb8 31. Nxc5 Rxb4 32. Ncb3 Rxc1 33. Rxc1 Bd7 34. Kf1 Ra4 35. Rc3 Bb5+ 36. Ke1 Rh4 37. h3 Ra4 38. Kd2 Ra2+ 39. Rc2 Ra3 40. Kc3 Ra4 41. Rd2 Re4 42. Nb7 Bf1 43. Nd6 Re5 44. Nc4 Rg5 45. g3 Bxh3 46. Rd6 Rb5 47. Rxa6 Rxb3+ 0-1